La Liga 2017-2018 Top scorers - Statistics

General Stats
  • This quiz has been taken 33 times
  • The average score is 7 of 10
Answer Stats
Goals Nationality Club Player % Correct
19 France Atlético Madrid Antoine Griezmann
100%
26 Portugal Real Madrid Cristiano Ronaldo
100%
16 Wales Real Madrid Gareth Bale
100%
34 Argentina Barcelona Lionel Messi
100%
25 Uruguay Barcelona Luis Suárez
97%
22 Spain Celta Vigo Iago Aspas
65%
21 Uruguay Girona Cristhian Stuani
45%
16 Spain Espanyol Gerard Moreno
45%
17 Uruguay Celta Vigo Maxi Gómez
29%
16 Spain Valencia Rodrigo
29%
No matching quizzes found
Score Distribution
Percent of People with Each Score
Percentile by Number Answered
Your Score History
You have not taken this quiz